[Event "46th Capablanca Memorial Open B"]
[Site "Havana CUB"]
[Date "2011.05.12"]
[Round "2.9"]
[White "Aguilera Rodriguez, Alfredo R."]
[Black "Hernandez Hernandez, Yasmani"]
[Result "1-0"]
[WhiteTitle "FM"]
[WhiteElo "2242"]
[BlackElo "2158"]
[WhiteFideId "3512991"]
[BlackFideId "3503623"]
[EventDate "2011.05.11"]

1. e4 c5 2. Nf3 d6 3. d4 cxd4 4. Nxd4 Nf6 5. Nc3 a6 6. Be3 e5 7. Nb3 Be6 8. f3
h5 9. Qd2 Nbd7 10. O-O-O Qc7 11. Kb1 Rc8 12. Bd3 b5 13. h3 h4 14. Qf2 Be7 15.
Rhe1 Kf8 16. f4 b4 17. Nd5 Bxd5 18. exd5 Nxd5 19. Bxa6 Nxe3 20. Rxe3 Ra8 21. Bb5
Nf6 22. fxe5 dxe5 23. Re2 Rh5 24. Bd3 Rd8 25. Ree1 Re8 26. Re4 Bd8 27. Rxb4 e4
28. Be2 Rh6 29. a4 Rg6 30. Rg1 Nd5 31. Rc4 Qe5 32. a5 e3 33. Qf3 Bf6 34. c3 Rg3
35. Qf1 Rd8 36. Ka2 Rb8 37. Qb1 Rg5 38. Qe4 Qxe4 39. Rxe4 Bxc3 40. Rxh4 Be5 41.
Rh8+ Ke7 42. Rxb8 Bxb8 43. Nd4 Nf4 44. b4 Nxe2 45. Nxe2 Bh2 46. Rc1 Rxg2 47. Rc2
Bb8 48. Kb3 f5 49. b5 Rg6 50. b6 f4 51. Nc3 Kd7 52. Kc4 Be5 53. Ra2 Kc8 54. a6 1-0

[Event "46th Capablanca Memorial Open B"]
[Site "Havana CUB"]
[Date "2011.05.12"]
[Round "2.10"]
[White "Vitier Vazquez, Cristian"]
[Black "Gutierrez Delgado, Yusuan Alfred"]
[Result "0-1"]
[BlackTitle "FM"]
[WhiteElo "2158"]
[BlackElo "2242"]
[WhiteFideId "3513157"]
[BlackFideId "3508005"]
[EventDate "2011.05.11"]

1. d4 Nf6 2. c4 g6 3. Nc3 d5 4. Nf3 Bg7 5. Qb3 dxc4 6. Qxc4 O-O 7. e4 Na6 8. Be2
c5 9. d5 e6 10. O-O exd5 11. exd5 Bf5 12. Be3 Qb6 13. b3 Rfe8 14. Rad1 Rad8 15.
Na4 Qd6 16. Nxc5 Nxc5 17. Bxc5 Qb8 18. Be3 Ne4 19. Bd4 Rc8 20. Qa4 Bxd4 21. Qxd4
Nc3 22. Bd3 Bxd3 23. Qxd3 Nxd1 24. Rxd1 Qd6 25. Nd2 Qb4 26. g3 Rc3 27. Qb1 Re2
28. d6 Qxd6 29. Ne4 Qb6 30. Qa1 Rc6 31. Qe5 Qxf2+ 0-1

[Event "46th Capablanca Memorial Open B"]
[Site "Havana CUB"]
[Date "2011.05.12"]
[Round "2.11"]
[White "Fernandez Guillen, Ernesto J."]
[Black "De Quesada Pena, Alexei"]
[Result "1/2-1/2"]
[WhiteElo "2149"]
[BlackElo "2234"]
[WhiteFideId "3512428"]
[BlackFideId "3508730"]
[EventDate "2011.05.11"]

1. e4 c5 2. Nf3 d6 3. d4 cxd4 4. Nxd4 Nf6 5. Nc3 a6 6. a4 e5 7. Nf3 h6 8. Bc4
Qc7 9. Qe2 Bg4 10. Bb3 Nc6 11. Be3 Be7 12. h3 Bh5 13. g4 Bg6 14. Nh4 Nxe4 15.
Nxg6 Nxc3 16. Bxf7+ Kxf7 17. Nxh8+ Rxh8 18. bxc3 Na5 19. O-O Qc6 20. f4 Bf6 21.
fxe5 dxe5 22. Rab1 Nc4 23. Bf2 Rd8 24. Rb4 Nd2 25. Rb6 Qxc3 26. Rxb7+ Kg8 27.
Bb6 Rc8 28. Rf2 Qg3+ 29. Kh1 Rxc2 30. Qd1 Qxh3+ 31. Rh2 Qd3 32. Rd7 Qxd7 33.
Qxc2 Qd5+ 34. Rg2 Nc4 35. Bg1 e4 36. Qb3 Bg5 37. Qb8+ Kh7 38. Qc8 e3 39. Qf5+
Qxf5 40. gxf5 Nd6 41. Rc2 Nxf5 42. Rc6 Bh4 43. Bxe3 Nxe3 44. Rxa6 g5 45. a5 g4 1/2-1/2

[Event "46th Capablanca Memorial Open B"]
[Site "Havana CUB"]
[Date "2011.05.12"]
[Round "2.12"]
[White "Munos, Rolando"]
[Black "Cruz de la Osa, Reyder"]
[Result "1/2-1/2"]
[WhiteElo "2108"]
[BlackElo "2226"]
[WhiteFideId "3505405"]
[BlackFideId "3508935"]
[EventDate "2011.05.11"]

1. d4 Nf6 2. c4 g6 3. Nc3 Bg7 4. Nf3 O-O 5. Bg5 d6 6. e3 h6 7. Bh4 g5 8. Bg3 Nh5
9. Qc2 Nxg3 10. hxg3 e5 11. dxe5 dxe5 12. Rd1 Nd7 13. Bd3 c6 14. Bh7+ Kh8 15.
Bf5 Qe7 16. Nxg5 Qxg5 17. Bxd7 f5 18. O-O Rf7 19. Bxc8 Rxc8 20. Rd2 Bf6 21. Ne2
Rg8 22. f4 exf4 23. Rxf4 Be5 24. Rf3 Rgg7 25. Nf4 Bxf4 26. exf4 Qe7 27. Re2 Qc5+
28. Kh2 Re7 29. Rd3 Kh7 30. b3 a5 31. Qd2 Re4 32. Rd7 Rxe2 33. Rxg7+ Kxg7 34.
Qxe2 1/2-1/2

[Event "46th Capablanca Memorial Open B"]
[Site "Havana CUB"]
[Date "2011.05.12"]
[Round "2.14"]
[White "Gomez Torres, Richard Daniel"]
[Black "Gomez Sanchez, Jorge Marco"]
[Result "1-0"]
[WhiteElo "2151"]
[BlackElo "2036"]
[WhiteFideId "3518396"]
[BlackFideId "3506649"]
[EventDate "2011.05.11"]

1. e4 c5 2. Nf3 Nc6 3. d4 cxd4 4. Nxd4 g6 5. c4 Nf6 6. Nc3 d6 7. Be2 Nxd4 8.
Qxd4 Bg7 9. O-O O-O 10. Bg5 h6 11. Bh4 Be6 12. Qd2 Kh7 13. f4 Qa5 14. Bf2 Rfc8
15. b3 b5 16. f5 gxf5 17. exf5 Bxf5 18. Bd4 Bg6 19. Bf3 Rab8 20. Qe3 bxc4 21.
Qxe7 Ng8 22. Qe3 Bxd4 23. Qxd4 cxb3 24. Be4 f5 25. axb3 Qe5 26. Qxe5 dxe5 27.
Rxf5 Rc7 28. Rxe5 Bxe4 29. Nxe4 Rxb3 30. Rea5 Kg6 31. Rxa7 Rxa7 32. Rxa7 Rb1+
33. Kf2 Kf5 34. Ng3+ Ke5 35. Ra5+ Ke6 36. Kf3 Rb3+ 37. Kf4 Nf6 38. Ra6+ Kf7 39.
Nf5 Rb4+ 40. Ke3 Rb3+ 41. Kd4 h5 42. Nd6+ Kg7 43. Ke5 Re3+ 44. Kf5 Ng4 45. Ra7+
Kg8 46. h3 Nh6+ 47. Kg5 Re6 48. Nc4 h4 49. Kxh4 Re4+ 50. Kh5 1-0

[Event "46th Capablanca Memorial Open B"]
[Site "Havana CUB"]
[Date "2011.05.12"]
[Round "2.15"]
[White "Corado, Rafael"]
[Black "Vargas Rodriguez, Wilver"]
[Result "1-0"]
[WhiteElo "2035"]
[BlackElo "2133"]
[WhiteFideId "3900541"]
[BlackFideId "3509672"]
[EventDate "2011.05.11"]

1. e4 e6 2. d4 d5 3. Nc3 Bb4 4. e5 c5 5. a3 Bxc3+ 6. bxc3 Ne7 7. Qg4 O-O 8. Nf3
Nbc6 9. Bd3 f5 10. exf6 Rxf6 11. Bg5 Rf7 12. Ne5 Nxe5 13. dxe5 Qa5 14. O-O Nf5
15. Qh3 h6 16. Bd2 Bd7 17. g4 Ne7 18. g5 hxg5 19. Qh7+ Kf8 20. Qh8+ Ng8 21. Bh7
Ke7 22. Bxg5+ Nf6 23. Qxa8 1-0

[Event "46th Capablanca Memorial Open B"]
[Site "Havana CUB"]
[Date "2011.05.12"]
[Round "2.16"]
[White "Pinero, Carlos"]
[Black "Mercantete Rodriguez, Edilberto"]
[Result "1-0"]
[WhiteElo "2027"]
[BlackElo "2101"]
[WhiteFideId "3901726"]
[BlackFideId "3503755"]
[EventDate "2011.05.11"]

1. e4 g6 2. d4 Bg7 3. c4 d6 4. Nc3 c6 5. Be3 Nf6 6. f3 Nbd7 7. Qd2 O-O 8. O-O-O
Re8 9. g4 Qa5 10. Kb1 Qc7 11. Nge2 e5 12. d5 c5 13. Ng3 Nf8 14. h4 a6 15. Be2 b6
16. Rdg1 Ra7 17. h5 Qb8 18. Nf5 Bxf5 19. gxf5 Ree7 20. Bh6 Qe8 21. Qg5 Bxh6 22.
Qxh6 Kh8 23. hxg6 fxg6 24. fxg6 Rg7 25. gxh7 Rxg1+ 26. Rxg1 N8xh7 27. Nd1 Qh5
28. Qxh5 Nxh5 29. Ne3 Nf4 30. Bf1 Nf6 31. Nf5 Ne8 32. Rh1+ Rh7 33. Rxh7+ Kxh7
34. Ne7 Ng7 35. Nc8 Ngh5 36. Kc2 Ng3 37. Bd3 Nge2 38. Bxe2 Nxe2 39. Nxd6 1-0

[Event "46th Capablanca Memorial Open B"]
[Site "Havana CUB"]
[Date "2011.05.12"]
[Round "2.18"]
[White "Fonte Sanchez, Paula"]
[Black "Rama Gonzalez, Ricardo"]
[Result "1-0"]
[WhiteElo "2012"]
[BlackElo "2076"]
[WhiteFideId "3509729"]
[BlackFideId "3504360"]
[EventDate "2011.05.11"]

1. e4 Nf6 2. d3 e5 3. Nf3 Nc6 4. g3 d5 5. Nbd2 Bg4 6. Bg2 dxe4 7. dxe4 Bc5 8.
O-O O-O 9. c3 Qd3 10. Re1 Rad8 11. Qe2 Qxe2 12. Rxe2 Rd3 13. h3 Bh5 14. g4 Bg6
15. Ne1 Rd7 16. b4 Bb6 17. Nc4 Re8 18. a4 a6 19. Nxb6 cxb6 20. f3 Rd1 21. Bb2
Red8 22. Rxd1 Rxd1 23. Kf2 Ne8 24. Nc2 f6 25. Ne3 Rb1 26. Rd2 Bf7 27. Bf1 Bb3
28. Bd3 Rh1 29. Bf1 Bxa4 30. Kg2 Rxf1 31. Kxf1 Kf7 32. Rd7+ Ke6 33. Rxb7 b5 34.
Nf5 g6 35. Ng7+ Nxg7 36. Rxg7 a5 37. bxa5 Nxa5 38. Ba3 f5 39. g5 1-0

[Event "46th Capablanca Memorial Open B"]
[Site "Havana CUB"]
[Date "2011.05.12"]
[Round "2.19"]
[White "Granda Rodriguez, Jose Manuel"]
[Black "Salazar Loor, Sara"]
[Result "1/2-1/2"]
[WhiteElo "1971"]
[BlackElo "2002"]
[WhiteFideId "3502155"]
[BlackFideId "3604292"]
[EventDate "2011.05.11"]

1. e4 c5 2. Nc3 Nc6 3. g3 d6 4. Bg2 g6 5. d3 Bg7 6. Be3 Nf6 7. h3 O-O 8. Nge2 e5
9. O-O Rb8 10. Qd2 Nd4 11. f4 b5 12. Rab1 b4 13. Nd5 Nxd5 14. exd5 Qa5 15. fxe5
Nxe2+ 16. Qxe2 Bxe5 17. Bh6 Re8 18. Qf3 Qc7 19. Rbe1 Bd4+ 20. Kh1 Bb7 21. Rxe8+
Rxe8 22. Bf4 f6 23. b3 Bc8 1/2-1/2

[Event "46th Capablanca Memorial Open B"]
[Site "Havana CUB"]
[Date "2011.05.12"]
[Round "2.29"]
[White "Rey Rodriguez, Yosvani"]
[Black "Romero, Jaime"]
[Result "1-0"]
[WhiteElo "2143"]
[BlackElo "2034"]
[WhiteFideId "3514749"]
[BlackFideId "3902498"]
[EventDate "2011.05.11"]

1. e3 e5 2. c4 Nf6 3. g3 d5 4. cxd5 Qxd5 5. f3 Nc6 6. Nc3 Qd8 7. Nh3 Bc5 8. Nf2
Bf5 9. Bb5 O-O 10. Bxc6 bxc6 11. Qa4 Qd7 12. Qc4 Bb6 13. O-O Rad8 14. b3 Bd3 15.
Nxd3 Qxd3 16. Qxc6 Nd5 17. Nxd5 Rxd5 18. Qc4 Rfd8 19. Qxd3 Rxd3 20. Rb1 f5 21.
f4 e4 22. Rb2 a5 23. Rc2 R3d5 24. Kf2 a4 25. bxa4 Ra8 26. Bb2 Rxa4 27. Be5 Ba5
28. Ke2 c5 29. Rb1 Bb4 30. h3 Rd3 31. g4 fxg4 32. hxg4 Ra6 33. g5 Kf7 34. f5 Rd5
35. Bf4 Rxf5 36. d3 exd3+ 37. Kxd3 Rd5+ 38. Ke4 Rd7 39. Kf3 Rd3 40. Ke4 Rd7 41.
Rf1 Kg6 42. Rff2 Re6+ 43. Kf3 Kf5 44. Rc4 Rd3 45. Rh2 Kg6 46. Re4 Ra6 47. Re7
Rd2 48. Rh1 Raxa2 49. Be5 Rf2+ 50. Ke4 Rf7 51. Rxf7 Kxf7 52. Rxh7 Rf2 53. Rxg7+
Kf8 54. Rc7 Kg8 55. g6 Rg2 56. Rc8# 1-0

[Event "46th Capablanca Memorial Open B"]
[Site "Havana CUB"]
[Date "2011.05.12"]
[Round "2.30"]
[White "Chacon Beltran, Jose Antonio"]
[Black "Palsson, Halldor Peter"]
[Result "1-0"]
[WhiteElo "2085"]
[BlackElo "2032"]
[WhiteFideId "3501990"]
[BlackFideId "2603136"]
[EventDate "2011.05.11"]

1. d4 d5 2. Nf3 e6 3. c4 c6 4. Nc3 dxc4 5. Ne5 b5 6. e3 Nf6 7. Be2 Bb4 8. O-O
Bb7 9. Bf3 Nd5 10. Qc2 O-O 11. e4 Nxc3 12. bxc3 Be7 13. Rb1 Qc8 14. Qb2 Ba6 15.
Rd1 f6 16. Ng4 Nd7 17. d5 e5 18. d6 Bd8 19. Ne3 g6 20. Bg4 Bb6 21. Be6+ Kh8 22.
Qe2 Qe8 23. Bh3 Rd8 24. Ba3 Bc5 25. Bxd7 1-0

[Event "46th Capablanca Memorial Open B"]
[Site "Havana CUB"]
[Date "2011.05.12"]
[Round "2.31"]
[White "Perez De Leon, Roberto"]
[Black "Cabrera Ladron de Guevara, Maira"]
[Result "0-1"]
[WhiteElo "2096"]
[BlackElo "2022"]
[WhiteFideId "3512851"]
[BlackFideId "3510670"]
[EventDate "2011.05.11"]

1. Nf3 Nf6 2. g3 g6 3. Bg2 Bg7 4. O-O O-O 5. d4 c6 6. c4 d5 7. Nc3 Bf5 8. cxd5
cxd5 9. Qb3 Nc6 10. Qxb7 Na5 11. Qa6 Nc4 12. Nd2 Bc8 13. Qa4 Nxd2 14. Bxd2 Rb8
15. b3 Bd7 16. Qa3 Ne4 17. Nxe4 dxe4 18. Bxe4 Bh3 19. Rfd1 Qxd4 20. Bf3 Rfd8 21.
Rac1 Rd6 22. Rc4 Qf6 23. Qc1 Rbd8 24. Bg2 Be6 25. Rc6 R8d7 26. Rc8+ Rd8 27.
Rxd8+ Rxd8 28. Bf3 Bh3 29. Qc6 Qxc6 30. Bxc6 Bc3 0-1

[Event "46th Capablanca Memorial Open B"]
[Site "Havana CUB"]
[Date "2011.05.12"]
[Round "2.35"]
[White "Bravo Navarro, Wilson"]
[Black "Ramos Pineiro, Alexis"]
[Result "0-1"]
[BlackTitle "FM"]
[WhiteElo "1955"]
[BlackElo "2280"]
[WhiteFideId "3605680"]
[BlackFideId "3503135"]
[EventDate "2011.05.11"]

1. e4 Nf6 2. Nc3 d5 3. e5 Nfd7 4. f4 Nb6 5. d4 h5 6. Bd3 Bg4 7. Nf3 Nc6 8. Be3
e6 9. a3 Ne7 10. O-O Qd7 11. a4 Nc4 12. Bc1 Nf5 13. Bxf5 Bxf5 14. b3 Na5 15. Bd2
c5 16. Nb5 Nc6 17. c4 dxc4 18. d5 exd5 19. bxc4 dxc4 20. Qc1 Be7 21. Bc3 O-O-O
22. Qb2 a6 23. Na3 Bd3 24. Rfd1 Qf5 25. Rab1 Nb4 26. Bxb4 cxb4 27. Nxc4 Bc5+ 28.
Kh1 Bxc4 29. Rdc1 b5 30. axb5 axb5 31. e6 Qxe6 0-1

[Event "46th Capablanca Memorial Open B"]
[Site "Havana CUB"]
[Date "2011.05.12"]
[Round "2.36"]
[White "Diaz Perez, Michel Alejandro"]
[Black "Montilla, Jorcerys"]
[Result "1-0"]
[WhiteElo "2240"]
[BlackElo "1986"]
[WhiteFideId "3517179"]
[BlackFideId "3900517"]
[EventDate "2011.05.11"]

1. e4 c5 2. Nf3 Nc6 3. d4 cxd4 4. Nxd4 Nf6 5. Nc3 e5 6. Ndb5 d6 7. Bg5 a6 8. Na3
b5 9. Nd5 Be7 10. Bxf6 Bxf6 11. c4 b4 12. Nc2 a5 13. g3 Bg5 14. Bg2 Be6 15. O-O
Ne7 16. Nxe7 Qxe7 17. Qe2 Rc8 18. b3 O-O 19. h4 Bh6 20. a3 bxa3 21. Rxa3 Rc5 22.
Rfa1 Qc7 23. Ne1 Rb8 24. Nd3 Rc6 25. Qe1 g6 26. Bf3 a4 27. bxa4 Bxc4 28. a5 Qb7
29. Be2 Ra6 30. Bf1 Qb5 31. Rc3 Raa8 32. Qd1 f5 33. exf5 gxf5 34. Rxc4 Qxc4 35.
Nxe5 Qc3 36. Nc4 Bg7 37. Qd5+ Kh8 38. Nxd6 Ra7 39. Ra2 Qb3 40. Qxb3 Rxb3 41. a6
Rb2 42. Ra4 Bf8 43. Nb5 Ra8 44. a7 Bc5 45. Bg2 Bxf2+ 46. Kf1 Rxa7 47. Nxa7 Bxg3
48. Nc6 1-0

[Event "46th Capablanca Memorial Open B"]
[Site "Havana CUB"]
[Date "2011.05.12"]
[Round "2.37"]
[White "Gonzalez Vega, Alejandro"]
[Black "Brito Valdes, Santiago Jose"]
[Result "1/2-1/2"]
[WhiteTitle "FM"]
[WhiteElo "2218"]
[BlackElo "1958"]
[WhiteFideId "3510042"]
[BlackFideId "3515478"]
[EventDate "2011.05.11"]

1. d4 d5 2. c4 e6 3. Nc3 Nf6 4. cxd5 Nxd5 5. Nf3 Be7 6. e4 Nxc3 7. bxc3 O-O 8.
Bd3 b6 9. O-O Bb7 10. Qe2 Nd7 11. Rd1 c5 12. a4 cxd4 13. cxd4 Rc8 14. Bd2 Nf6
15. Rab1 Bc6 16. Rbc1 Bb7 17. Rb1 1/2-1/2

[Event "46th Capablanca Memorial Open B"]
[Site "Havana CUB"]
[Date "2011.05.12"]
[Round "2.38"]
[White "Jodar Arias, Marlon"]
[Black "Roca Rojas, Ana Flavia"]
[Result "1-0"]
[WhiteElo "2174"]
[BlackElo "1948"]
[WhiteFideId "3505499"]
[BlackFideId "3514269"]
[EventDate "2011.05.11"]

1. e4 c5 2. Nf3 d6 3. d4 cxd4 4. Nxd4 Nf6 5. Nc3 g6 6. Be3 Bg7 7. f3 O-O 8. Qd2
Nc6 9. Bc4 Bd7 10. O-O-O Rb8 11. h4 Ne5 12. Bb3 b5 13. h5 Nc4 14. Bxc4 bxc4 15.
hxg6 fxg6 16. Bh6 Qb6 17. b3 cxb3 18. axb3 Rf7 19. Bxg7 Rxg7 20. Kb2 a5 21. Ra1
Qc5 22. Nde2 Ne8 23. Rhd1 e6 24. Qd4 Qc7 25. Ra3 Bc6 26. Rda1 Ra8 27. Qc4 Re7
28. Nd4 Bb7 29. Qxc7 Nxc7 30. Rxa5 Kf7 31. Rxa8 Bxa8 32. Ndb5 1-0

[Event "46th Capablanca Memorial Open B"]
[Site "Havana CUB"]
[Date "2011.05.12"]
[Round "2.39"]
[White "Reyes Betancourt,  Ahmed"]
[Black "Bolanos, Cristian"]
[Result "1-0"]
[WhiteElo "2128"]
[BlackElo "1905"]
[WhiteFideId "3509168"]
[BlackFideId "3603075"]
[EventDate "2011.05.11"]

1. e4 c5 2. Nf3 e6 3. d4 cxd4 4. Nxd4 d6 5. Nc3 Nf6 6. Be3 a6 7. f3 Qc7 8. Qd2
Nbd7 9. g4 Ne5 10. g5 Nh5 11. O-O-O Bd7 12. f4 Nc4 13. Qe2 Nxe3 14. Qxe3 g6 15.
Be2 Ng7 16. f5 O-O-O 17. f6 Nh5 18. Rd3 Kb8 19. Nb3 d5 20. Bxh5 dxe4 21. Nxe4
gxh5 22. Rhd1 Rc8 23. Rc3 Bc6 24. Nd4 Qb6 25. Nxc6+ Rxc6 26. Qxb6 Rxb6 27. Rd8+
Ka7 28. Rcc8 1-0

[Event "46th Capablanca Memorial Open B"]
[Site "Havana CUB"]
[Date "2011.05.12"]
[Round "2.40"]
[White "Gates, David A"]
[Black "De La Torre Morales, Julio D."]
[Result "0-1"]
[WhiteElo "1706"]
[BlackElo "2119"]
[WhiteFideId "415723"]
[BlackFideId "3506517"]
[EventDate "2011.05.11"]

1. e4 Nf6 2. Nc3 d5 3. exd5 Nxd5 4. Nxd5 Qxd5 5. Nf3 Bg4 6. Be2 Nc6 7. O-O O-O-O
8. c4 Qd7 9. Ng5 Bxe2 10. Qxe2 e5 11. Nf3 f6 12. d3 g5 13. b4 g4 14. Ne1 Nd4 15.
Qd1 h5 16. f4 gxf3 17. Nxf3 Nxf3+ 18. Qxf3 Qd4+ 19. Kh1 Qxa1 0-1

[Event "46th Capablanca Memorial Open B"]
[Site "Havana CUB"]
[Date "2011.05.12"]
[Round "2.41"]
[White "Ibanez Milian, Dagoberto"]
[Black "Gutierrez Espinosa, Karen"]
[Result "1-0"]
[WhiteTitle "FM"]
[BlackTitle "WFM"]
[WhiteElo "2205"]
[BlackElo "2094"]
[WhiteFideId "3500675"]
[BlackFideId "3513238"]
[EventDate "2011.05.11"]

1. e4 c5 2. Nf3 d6 3. d4 cxd4 4. Nxd4 Nf6 5. Nc3 g6 6. Bg5 Bg7 7. Qd2 O-O 8. Be2
Nc6 9. Nb3 Be6 10. O-O Rc8 11. Rad1 Ne5 12. Qe3 Nc4 13. Bxc4 Bxc4 14. Rfe1 b6
15. h3 Qc7 16. Nd4 Qc5 17. a3 a5 18. Na4 Qc7 19. b3 Ba6 20. c4 Qb8 21. Nb5 Bxb5
22. cxb5 Rc7 23. Rc1 Rfc8 24. Rxc7 Rxc7 25. f3 e6 26. Rd1 Ne8 27. Qf2 f5 28.
exf5 gxf5 29. Be3 d5 30. Bxb6 Rc8 31. Qe2 Qd6 32. Bxa5 1-0

[Event "46th Capablanca Memorial Open B"]
[Site "Havana CUB"]
[Date "2011.05.12"]
[Round "2.42"]
[White "Isidron Marcelo, Guillermo"]
[Black "Vega Cordovilla, Maria Jose"]
[Result "1/2-1/2"]
[WhiteElo "2090"]
[BlackElo "1901"]
[WhiteFideId "3511464"]
[BlackFideId "3604527"]
[EventDate "2011.05.11"]

1. d4 Nf6 2. Bf4 g6 3. Nc3 Bg7 4. e4 d6 5. Qd2 O-O 6. Bh6 c5 7. Nge2 cxd4 8.
Nxd4 Bd7 9. Bxg7 Kxg7 10. f3 Nc6 11. Nxc6 bxc6 12. Bc4 Qa5 13. O-O-O Rab8 14.
Bb3 Qb4 15. Qd4 c5 16. Qxb4 Rxb4 17. a3 Rb7 18. Nd5 Nxd5 19. Bxd5 Rb6 20. Bc4
Rfb8 21. b3 Bb5 22. Bxb5 Rxb5 23. Rhe1 R8b7 24. e5 dxe5 25. Rxe5 1/2-1/2

[Event "46th Capablanca Memorial Open B"]
[Site "Havana CUB"]
[Date "2011.05.12"]
[Round "2.45"]
[White "Zayas Sosa, Alfredo"]
[Black "Perez Bohigas, Lays Monica"]
[Result "1-0"]
[WhiteElo "2217"]
[BlackElo "2056"]
[WhiteFideId "3511820"]
[BlackFideId "3510964"]
[EventDate "2011.05.11"]

1. d4 d5 2. c4 c6 3. Nc3 Nf6 4. e3 Nbd7 5. Nf3 e6 6. Qc2 Be7 7. Bd3 dxc4 8. Bxc4
b5 9. Bd3 Qc7 10. Nxb5 Qb6 11. Nc3 O-O 12. O-O Bb7 13. e4 Ba6 14. Bxa6 Qxa6 15.
Bg5 Rfe8 16. e5 Nd5 17. Bxe7 Rxe7 18. Ng5 g6 19. Nxd5 exd5 20. b4 f6 21. exf6
Nxf6 22. Rfc1 Rc8 23. a4 Ree8 24. h3 Kg7 25. Re1 Qb7 26. Rxe8 Rxe8 27. Rb1 a6
28. Qc5 Nd7 29. Qd6 Nb6 30. Ne6+ Kg8 31. Nd8 1-0

[Event "46th Capablanca Memorial Open B"]
[Site "Havana CUB"]
[Date "2011.05.12"]
[Round "2.20"]
[White "Agra Caballero, Ariel"]
[Black "Ajete Alberdi, Jose Serafin"]
[Result "0-1"]
[WhiteElo "2229"]
[BlackElo "2008"]
[WhiteFideId "3503577"]
[BlackFideId "3505731"]
[EventDate "2011.05.11"]

1. d4 Nc6 2. e4 b6 3. d5 Ne5 4. f4 Ng6 5. f5 Ne5 6. Bf4 d6 7. Bxe5 dxe5 8. Nf3
Qd6 9. Bb5+ Bd7 10. Bxd7+ Kxd7 11. O-O f6 12. Qd3 g6 13. Nbd2 Bh6 14. fxg6 hxg6
15. Nc4 Qc5+ 16. Kh1 Bf4 17. a4 Nh6 18. g3 Bxg3 19. hxg3 Ng4+ 20. Nh4 Nf2+ 21.
Rxf2 Qxf2 22. Rf1 Rxh4+ 23. gxh4 Qxh4+ 24. Kg2 Rh8 25. Rg1 Qf4 26. Qg3 Qxe4+ 0-1

[Event "46th Capablanca Memorial Open B"]
[Site "Havana CUB"]
[Date "2011.05.12"]
[Round "2.24"]
[White "Garcia Matos, Richard A."]
[Black "Hernandez Sotelo, Jose I."]
[Result "1/2-1/2"]
[WhiteElo "2196"]
[BlackElo "2140"]
[WhiteFideId "3511090"]
[BlackFideId "3508803"]
[EventDate "2011.05.11"]

1. Nf3 c5 2. c4 Nc6 3. d4 cxd4 4. Nxd4 Nf6 5. Nc3 e6 6. a3 a6 7. e4 Qc7 8. Be3
b6 9. b4 Bb7 10. Rc1 Ne5 11. f3 d6 12. Be2 Be7 13. O-O O-O 14. Na4 Rab8 15. Qd2
Rfe8 16. Rfd1 Ba8 17. Kh1 Qb7 18. Nxb6 Qxb6 19. Nf5 exf5 20. Bxb6 Rxb6 21. exf5
Ned7 22. a4 Rbb8 23. Bf1 Bf8 24. Re1 Red8 25. Rb1 h6 26. a5 Bb7 27. Qd4 Ra8 28.
h3 Rdc8 29. Kh2 Rc7 30. f4 d5 31. c5 Ne4 32. Bd3 Ndf6 33. g4 Bc6 34. Rb2 Be7 35.
Rg2 Nh7 36. Rxe4 dxe4 37. Bxe4 Bxe4 38. Qxe4 Rd8 39. Qc4 Rc6 40. Qe4 Rc7 1/2-1/2

[Event "46th Capablanca Memorial Open B"]
[Site "Havana CUB"]
[Date "2011.05.12"]
[Round "2.46"]
[White "Gonzalez Ochoa, Yoana"]
[Black "Martin Campos, Beatriz Josefa"]
[Result "1-0"]
[WhiteElo "2053"]
[BlackElo "2020"]
[WhiteFideId "3507629"]
[BlackFideId "3506495"]
[EventDate "2011.05.11"]

1. e4 e5 2. Nf3 Nc6 3. Bc4 Bc5 4. c3 Nf6 5. d3 d6 6. Bb3 Bg4 7. Nbd2 Ne7 8. h3
Be6 9. Bxe6 fxe6 10. Qb3 Qd7 11. Qxb7 O-O 12. Qb3 Rab8 13. Qc2 Ng6 14. O-O Nh5
15. b4 Bb6 16. Nc4 Ngf4 17. Nxb6 cxb6 18. Qd1 Qf7 19. Ng5 Qg6 20. Qg4 h6 21. Nf3
Rf6 22. Qxg6 Rxg6 23. Nh4 Rf6 24. g4 Nxh3+ 25. Kh2 N5f4 26. Be3 Rbf8 27. f3 Ng5
28. Bxf4 Rxf4 29. Ng6 Nxf3+ 30. Kh1 Nd2 31. Rxf4 exf4 32. Nxf8 Kxf8 33. Kg2 g5
34. Rd1 1-0

[Event "46th Capablanca Memorial Open B"]
[Site "Havana CUB"]
[Date "2011.05.12"]
[Round "2.26"]
[White "Mancebo Marrero, Pedro Ramiro"]
[Black "Quesada Chow, Ismael Adan"]
[Result "0-1"]
[WhiteElo "2205"]
[BlackElo "2131"]
[WhiteFideId "3503879"]
[BlackFideId "3509559"]
[EventDate "2011.05.11"]

1. Nf3 Nf6 2. g3 g6 3. b3 Bg7 4. Bb2 d6 5. Bg2 Nbd7 6. O-O O-O 7. d3 e5 8. Nbd2
Re8 9. c4 c6 10. Qc2 Nc5 11. b4 Ne6 12. Nb3 Nd7 13. d4 e4 14. Nfd2 d5 15. e3 Nf6
16. a3 Ng5 17. Rae1 Bf5 18. Qc1 Qc8 19. cxd5 Bh3 20. f4 exf3 21. Nxf3 Bxg2 22.
Kxg2 Qh3+ 23. Kg1 Nxf3+ 24. Rxf3 cxd5 25. Qd2 Rac8 26. Rc1 Ne4 27. Rxc8 Qxc8 28.
Qg2 Bh6 29. Bc1 Qc4 30. Qb2 Nc3 31. Bd2 Qe2 32. Rf6 Bxe3+ 0-1